| 000 | 01402cam0 2200349 ib4500 | ||
|---|---|---|---|
| 001 | BY-MI0001-br8915854 | ||
| 005 | 20201029094420.0 | ||
| 010 | ^d1.00 р. | ||
| 035 | ^a(BY-MI0001)BY-MI0001-br8915854 | ||
| 100 | ^a20181108d2013 u y0rusy50 ca | ||
| 101 | 0 | ^arus | |
| 102 | ^aRU | ||
| 109 | ^aea | ||
| 200 | 1 |
^aЦерковь Михаила Архангела (Свирская) ^bТекст ^fКсения Толоконникова |
|
| 210 |
^aМосква ^cДе Агостини ^d2013 |
||
| 215 |
^a31 с. ^cил. |
||
| 225 | 1 |
^aПравославные храмы. Путешествие по святым местам ^h28 |
|
| 606 |
^aХРИСТИАНСТВО ^3BY-NLB-ar37103 ^2DVNLB |
||
| 606 |
^aСВЯТЫЕ МЕСТА ^3BY-NLB-ar29412 ^2DVNLB |
||
| 606 |
^aИКОНЫ ^3BY-NLB-ar2645714 ^2DVNLB |
||
| 606 |
^aПРАВОСЛАВИЕ ^3BY-NLB-ar25142 ^2DVNLB |
||
| 607 |
^aСмоленск, город (Россия) ^2BY-auth ^3BY-NLB-ar30690 |
||
| 610 | 0 | ^aЦЕРКОВЬ МИХАИЛА АРХАНГЕЛА (СВИРСКАЯ) | |
| 610 | 0 | ^aПРАВОСЛАВНЫЕ ЦЕРКВИ | |
| 686 |
^a86.372 ^2rubbk |
||
| 690 |
^a1 ^2Base ^9BY-MI0001 ^xRSEK |
||
| 700 | 1 |
^aТолоконникова ^bК. ^gКсения |
|
| 801 | 0 |
^aBY ^bBY-MI0001 ^c20181108 ^gpsbo |
|
| 899 |
^aBY-MI0001 ^h86.37 ^iТ52 |
||